[Event "zonal 1.6"]
[Site "Sankt Petersburg RUS"]
[Date "1993.01.??"]
[Round "5"]
[White "Tregubov, Pavel"]
[Black "Scherbakov, Ruslan"]
[Result "0-1"]
[WhiteElo "2445"]
[BlackElo "2570"]
[EventDate "1993.01.15"]
[PlyCount "92"]

1.e4 e5 2.Nf3 Nc6 3.d4 exd4 4.Nxd4 Bc5 5.Be3 Qf6 6.c3 Nge7 7.Bc4 b6 8.O-O 
Bb7 9.Nb5 O-O-O 10.Bxc5 bxc5 11.Qa4 d5 12.Be2 dxe4 13.Nxa7+ Nxa7 14.Qxa7 
Qb6 15.Qxb6 cxb6 16.Na3 Nd5 17.Nc4 Nf4 18.Rfe1 Kc7 19.a4 f5 20.b4 Nxe2+ 
21.Rxe2 Rd3 22.a5 b5 23.Na3 Ba6 24.g4 g6 25.c4 cxb4 26.Nxb5+ Kc6 27.Rb2 b3
28.Rxb3 Rxb3 29.Nd4+ Kc5 30.Nxb3+ Kxc4 31.Nd2+ Kc3 32.Nf1 f4 33.Rc1+ Kb4 
34.Rc6 Kxa5 35.Re6 Rd8 36.Re5+ Kb6 37.Re6+ Kb7 38.Rxe4 Rd1 39.Rxf4 Bxf1 
40.h4 Kc6 41.Rf6+ Kd7 42.Kh2 Ke7 43.Rb6 Rd3 44.Rb7+ Kf6 45.Rxh7 Rh3+ 46.
Kg1 Be2 0-1

[Event "zonal 1.6"]
[Site "Sankt Petersburg RUS"]
[Date "1993.01.??"]
[Round "5"]
[White "Tseshkovsky, Vitaly"]
[Black "Pigusov, Evgeny"]
[Result "1/2-1/2"]
[WhiteElo "2540"]
[BlackElo "2575"]
[EventDate "1993.01.15"]
[PlyCount "61"]

1.e4 c5 2.Nf3 d6 3.d4 cxd4 4.Nxd4 Nf6 5.Nc3 a6 6.Be2 e5 7.Nb3 Be7 8.O-O 
O-O 9.Kh1 Nbd7 10.f3 Qc7 11.a4 h6 12.Nd2 Rd8 13.Nc4 Nb6 14.Ne3 Be6 15.a5 
Nc8 16.Ned5 Nxd5 17.Nxd5 Bxd5 18.Qxd5 Bg5 19.Bc4 Bxc1 20.Rfxc1 Na7 21.b3 
Nc6 22.c3 Rd7 23.g3 Rf8 24.Rc2 Ne7 25.Qd3 Rfd8 26.Bd5 Nxd5 27.Qxd5 Rb8 28.
c4 b6 29.axb6 Rxb6 30.Rc3 Rd8 31.f4 1/2-1/2

[Event "zonal 1.6"]
[Site "Sankt Petersburg RUS"]
[Date "1993.01.??"]
[Round "6"]
[White "Gleizerov, Evgeny"]
[Black "Agrest, Evgeny"]
[Result "0-1"]
[WhiteElo "2555"]
[BlackElo "2460"]
[EventDate "1993.01.15"]
[PlyCount "82"]

1.d4 d6 2.Nf3 Bg4 3.c4 Bxf3 4.exf3 Nd7 5.d5 g6 6.g3 Bg7 7.Bg2 c6 8.Nc3 
Ngf6 9.O-O O-O 10.f4 Rc8 11.Be3 Qa5 12.Re1 Rfe8 13.Rb1 a6 14.Bd2 Qc7 15.
Rc1 Qb8 16.Qf3 Rc7 17.Re2 cxd5 18.cxd5 b5 19.Rce1 Nb6 20.Qd3 Nc4 21.Bc1 
Qc8 22.b3 Nb6 23.Bb2 Kf8 24.h3 Rc5 25.a3 Nbd7 26.g4 Rc7 27.Re3 Nc5 28.Qd1 
Qd7 29.Ne2 e6 30.Ng3 Rcc8 31.f5 exf5 32.gxf5 Rxe3 33.Rxe3 Re8 34.Rf3 Qe7 
35.Qd4 g5 36.Kh2 h5 37.Qd1 h4 38.Nf1 Qe2 39.Qd4 Re4 40.Re3 Rxe3 41.Nxe3 
Ne8 0-1

[Event "zonal 1.6"]
[Site "Sankt Petersburg RUS"]
[Date "1993.01.??"]
[Round "6"]
[White "Landa, Konstantin"]
[Black "Aseev, Konstantin"]
[Result "1-0"]
[WhiteElo "2445"]
[BlackElo "2515"]
[EventDate "1993.01.15"]
[PlyCount "61"]

1.e4 c5 2.Nf3 d6 3.d4 cxd4 4.Nxd4 Nf6 5.Nc3 Nc6 6.Be2 e5 7.Nf3 h6 8.O-O 
Be7 9.Re1 O-O 10.h3 Be6 11.Bf1 Nb8 12.Nb1 Qc7 13.b3 a6 14.c4 b5 15.Nfd2 
Nc6 16.Nc3 Nd4 17.Bb2 bxc4 18.bxc4 Rab8 19.Rb1 Bd7 20.Nb3 Nxb3 21.axb3 Rb6
22.Bd3 Rfb8 23.Bc2 Bd8 24.Ba3 Rc8 25.Re3 Be7 26.Ra1 Be6 27.Rd3 Bf8 28.Qd2 
Nh5 29.h4 Nf4 30.Re3 Ng6 31.g3 1-0

[Event "zonal 1.6"]
[Site "Sankt Petersburg RUS"]
[Date "1993.01.??"]
[Round "6"]
[White "Ruban, Vadim"]
[Black "Tiviakov, Sergei"]
[Result "1-0"]
[WhiteElo "2595"]
[BlackElo "2575"]
[EventDate "1993.01.15"]
[PlyCount "83"]

1.d4 Nf6 2.c4 e6 3.Nf3 b6 4.g3 Bb4+ 5.Bd2 Be7 6.Nc3 Bb7 7.Bg2 c6 8.e4 d5 
9.e5 Ne4 10.cxd5 cxd5 11.O-O O-O 12.Re1 Nxc3 13.bxc3 Ba6 14.h4 Nc6 15.Ng5 
Na5 16.Qb1 g6 17.Nf3 Rc8 18.h5 Rc6 19.Bf1 Bxf1 20.Rxf1 Kh8 21.Bh6 Rg8 22.
hxg6 Rxg6 23.Bd2 Nc4 24.Qd3 b5 25.Kg2 Qa5 26.Rh1 Nxd2 27.Qxd2 Rxc3 28.Rh5 
Rg7 29.Rah1 Kg8 30.Qf4 Qd8 31.Nh2 Bg5 32.Qg4 f5 33.exf6 Qxf6 34.Qe2 Qg6 
35.Nf3 Rc2 36.Qe5 Be7 37.Qb8+ Bf8 38.Rg5 Qf7 39.Rxg7+ Qxg7 40.Rh4 Rc7 41.
Ne5 h5 42.Rxh5 1-0

[Event "zonal 1.6"]
[Site "Sankt Petersburg RUS"]
[Date "1993.01.??"]
[Round "6"]
[White "Sorokin, Maxim"]
[Black "Kiselev, Sergei"]
[Result "0-1"]
[WhiteElo "2490"]
[BlackElo "2510"]
[EventDate "1993.01.15"]
[PlyCount "82"]

1.Nf3 Nf6 2.c4 b6 3.g3 Bb7 4.Bg2 c5 5.Nc3 g6 6.O-O Bg7 7.d4 cxd4 8.Qxd4 
Nc6 9.Qf4 Rc8 10.Bd2 d6 11.Rad1 Nb8 12.b3 Nbd7 13.e4 a6 14.Rfe1 O-O 15.Qh4
Rc5 16.Nd5 e6 17.Nxf6+ Bxf6 18.Qf4 e5 19.Qe3 Rc6 20.h4 Nc5 21.Bc1 b5 22.
cxb5 axb5 23.Ba3 Qc7 24.Nd2 Ra8 25.Nb1 Ne6 26.Rc1 Nd4 27.Rxc6 Bxc6 28.Qd2 
Qb7 29.Bb4 d5 30.Nc3 dxe4 31.Nxe4 Bg7 32.f4 exf4 33.gxf4 Qd7 34.Bc3 Rd8 
35.Ba5 Rc8 36.Kf1 b4 37.Rc1 Qg4 38.Bb6 Bb5+ 39.Kf2 Rxc1 40.Bxd4 Bxd4+ 41.
Qxd4 Rc2+ 0-1

[Event "zonal 1.6"]
[Site "Sankt Petersburg RUS"]
[Date "1993.01.??"]
[Round "6"]
[White "Tseshkovsky, Vitaly"]
[Black "Yakovich, Yury"]
[Result "1-0"]
[WhiteElo "2540"]
[BlackElo "2510"]
[EventDate "1993.01.15"]
[PlyCount "49"]

1.e4 c5 2.Nf3 Nc6 3.Bb5 g6 4.O-O Bg7 5.Bxc6 dxc6 6.d3 e5 7.a4 a5 8.Be3 b6 
9.Na3 f6 10.c3 Nh6 11.d4 Ng4 12.Qb3 cxd4 13.cxd4 Nxe3 14.fxe3 exd4 15.Nxd4
c5 16.Ndb5 Ke7 17.Nc3 Be6 18.Nd5+ Kf7 19.Nc4 Re8 20.Rad1 Qb8 21.e5 f5 22.
Nd6+ Kg8 23.Nxe8 Qxe8 24.Qxb6 Bxe5 25.Qxc5 1-0

[Event "zonal 1.6"]
[Site "Sankt Petersburg RUS"]
[Date "1993.01.??"]
[Round "6"]
[White "Ulybin, Mikhail"]
[Black "Kharlov, Andrei"]
[Result "0-1"]
[WhiteElo "2565"]
[BlackElo "2580"]
[EventDate "1993.01.15"]
[PlyCount "94"]

1.d4 d5 2.c4 e6 3.Nf3 Nf6 4.g3 c6 5.Bg2 dxc4 6.Ne5 b5 7.a4 Nd5 8.axb5 cxb5
9.Nc3 f6 10.Nf3 Nxc3 11.bxc3 Bb7 12.O-O Be7 13.Qc2 f5 14.Nh4 Qc8 15.Bxb7 
Qxb7 16.Ng2 O-O 17.Nf4 Rf6 18.Nh5 Rf7 19.Nf4 Qc6 20.e4 Nd7 21.exf5 exf5 
22.Re1 Bd6 23.Ne6 Nb6 24.Bg5 Qd7 25.Bf4 Re8 26.Nc5 Bxc5 27.dxc5 Na4 28.Bd6
h6 29.Qd2 Rxe1+ 30.Qxe1 f4 31.Rd1 f3 32.Bf4 Re7 33.Qf1 Qc8 34.Re1 Qxc5 35.
Rxe7 Qxe7 36.Qc1 Qe2 37.h4 Nb2 38.Qa1 Kh7 39.Be3 Nd3 40.Qb1 a6 41.Kh2 Qe1 
42.Qxe1 Nxe1 43.g4 Ng2 44.Bb6 b4 45.cxb4 c3 46.Bd4 c2 47.Bb2 Nxh4 0-1

[Event "zonal 1.6"]
[Site "Sankt Petersburg RUS"]
[Date "1993.01.??"]
[Round "7"]
[White "Agrest, Evgeny"]
[Black "Ulybin, Mikhail"]
[Result "1/2-1/2"]
[WhiteElo "2460"]
[BlackElo "2565"]
[EventDate "1993.01.15"]
[PlyCount "162"]

1.d4 e6 2.c4 f5 3.Nf3 Nf6 4.Nc3 Bb4 5.Bg5 O-O 6.Rc1 d6 7.g3 b6 8.Bg2 Bb7 
9.O-O Bxc3 10.Rxc3 Nbd7 11.d5 e5 12.Nh4 g6 13.e4 fxe4 14.f3 e3 15.Rxe3 
Nxd5 16.Bxd8 Nxe3 17.Qd3 Nxg2 18.Nxg6 Nc5 19.Ne7+ Kh8 20.Qd2 Raxd8 21.Kxg2
Rf6 22.Nd5 Rf7 23.Qh6 Rg8 24.Kg1 Rg6 25.Qd2 Ne6 26.f4 exf4 27.Nxf4 Rgf6 
28.Qc3 Kg8 29.Re1 Nxf4 30.Re8+ Rf8 31.Rxf8+ Rxf8 32.gxf4 a5 33.Qe3 Rf7 34.
Qe6 Bc6 35.Qc8+ Kg7 36.h4 Be4 37.Qg4+ Kf6 38.Kf2 Bf5 39.Qg5+ Ke6 40.Qd8 
Bb1 41.Qc8+ Kf6 42.a3 Kg7 43.Qg4+ Kf8 44.Qg5 Bf5 45.Ke3 Ke8 46.Qg8+ Ke7 
47.Qg5+ Kd7 48.Kd4 Be6 49.Qh6 Ke7 50.Kc3 Kd7 51.Kd3 Bf5+ 52.Kd4 Be6 53.b3 
Ke7 54.Qg5+ Kd7 55.Qb5+ Kd8 56.Qg5+ Kd7 57.Ke3 Rf5 58.Qg7+ Rf7 59.Qg5 Rf5 
60.Qh6 Rf7 61.Kd3 Bf5+ 62.Kd2 Be6 63.Qh5 Ke7 64.Ke3 Bf5 65.Kd4 Be6 66.Ke4 
Kd7 67.Kf3 Ke7 68.Qg5+ Kd7 69.Ke4 Re7 70.Kf3 Rf7 71.Kg3 Rf5 72.Qg7+ Rf7 
73.Qd4 Ke7 74.Qh8 Kd7 75.h5 Ke7 76.Qg8 Bf5 77.Qa8 Kd7 78.Qg8 Ke7 79.Qa8 
Kd7 80.Qd5 Be6 81.Qb5+ Kd8 1/2-1/2

[Event "zonal 1.6"]
[Site "Sankt Petersburg RUS"]
[Date "1993.01.??"]
[Round "7"]
[White "Aseev, Konstantin"]
[Black "Sorokin, Maxim"]
[Result "1/2-1/2"]
[WhiteElo "2515"]
[BlackElo "2490"]
[EventDate "1993.01.15"]
[PlyCount "102"]

1.e4 c5 2.Nf3 e6 3.d4 cxd4 4.Nxd4 Nf6 5.Nc3 Nc6 6.Ndb5 Bb4 7.a3 Bxc3+ 8.
Nxc3 d5 9.exd5 exd5 10.Bd3 O-O 11.O-O d4 12.Ne4 Bf5 13.Bg5 Bxe4 14.Bxe4 h6
15.Bxf6 Qxf6 16.Re1 Rad8 17.Qf3 Qxf3 18.Bxf3 d3 19.cxd3 Rxd3 20.Rad1 Rxd1 
21.Rxd1 Rd8 22.Rd5 b6 23.Rxd8+ Nxd8 24.Bd5 Kf8 25.f4 Ke7 26.Kf2 Kd6 27.Ba2
f6 28.Ke3 Nc6 29.Kd3 Ne7 30.b4 Nd5 31.g3 Nc7 32.Bc4 Nd5 33.Ke4 Ne7 34.Bd3 
Nc6 35.Bb5 Ne7 36.Ba4 Nd5 37.Kd4 Nc7 38.Kd3 Nd5 39.Bd1 Nc7 40.Kc4 Nd5 41.
Kd4 Nc7 42.Be2 Nd5 43.Bd3 Ne7 44.Be4 Kd7 45.Kc4 Kd6 46.a4 g5 47.fxg5 fxg5 
48.a5 bxa5 49.bxa5 a6 50.h4 gxh4 51.gxh4 h5 1/2-1/2

[Event "zonal 1.6"]
[Site "Sankt Petersburg RUS"]
[Date "1993.01.??"]
[Round "7"]
[White "Dvoirys, Semen"]
[Black "Tseshkovsky, Vitaly"]
[Result "1-0"]
[WhiteElo "2565"]
[BlackElo "2540"]
[EventDate "1993.01.15"]
[PlyCount "91"]

1.e4 e5 2.Nf3 Nc6 3.Bb5 a6 4.Ba4 Nf6 5.O-O Be7 6.d3 b5 7.Bb3 d6 8.a4 b4 9.
Nbd2 O-O 10.a5 Rb8 11.Bc4 Na7 12.d4 exd4 13.Nxd4 c5 14.N4f3 Bb7 15.Bd3 Nb5
16.Re1 Re8 17.Nc4 Bf8 18.e5 dxe5 19.Ncxe5 Nd4 20.Bf4 Nxf3+ 21.Nxf3 Rxe1+ 
22.Qxe1 Bd6 23.Bxd6 Qxd6 24.Rd1 Qc6 25.Bc4 Re8 26.Qd2 h6 27.b3 Qc8 28.Qf4 
Rd8 29.Re1 Nd5 30.Qg3 Nc3 31.h3 Bd5 32.Qf4 Re8 33.Rxe8+ Qxe8 34.Bxa6 Ne2+ 
35.Bxe2 Qxe2 36.Qf5 Qd1+ 37.Kh2 Bxf3 38.Qxf3 Qd6+ 39.Qg3 Qd8 40.a6 Qb6 41.
Qd3 h5 42.h4 g6 43.Kg1 Kg7 44.c3 Kf8 45.cxb4 cxb4 46.g3 1-0

[Event "zonal 1.6"]
[Site "Sankt Petersburg RUS"]
[Date "1993.01.??"]
[Round "7"]
[White "Ibragimov, Ildar"]
[Black "Pigusov, Evgeny"]
[Result "0-1"]
[WhiteElo "2540"]
[BlackElo "2575"]
[EventDate "1993.01.15"]
[PlyCount "72"]

1.d4 Nf6 2.c4 c5 3.d5 e6 4.Nc3 exd5 5.cxd5 d6 6.e4 g6 7.Bd3 Bg7 8.h3 O-O 
9.Nf3 a6 10.O-O b5 11.Bf4 Re8 12.Re1 Ra7 13.a3 Rae7 14.Qc2 Nh5 15.Bg5 Bf6 
16.Bxf6 Nxf6 17.b4 Nbd7 18.Qd2 Kg7 19.Rac1 Qb6 20.Qb2 Kg8 21.Bb1 Bb7 22.
Qd2 Kg7 23.Qb2 Kg8 24.Re3 Nh5 25.a4 c4 26.a5 Qa7 27.Qd2 Ne5 28.Nd4 Nf4 29.
Rg3 Nfd3 30.Nf5 Nxc1 31.Qxc1 Bc8 32.Nxe7+ Qxe7 33.Qe3 Qf6 34.Qg5 Qg7 35.
Qe3 Nd3 36.Bxd3 Qxc3 0-1

[Event "zonal 1.6"]
[Site "Sankt Petersburg RUS"]
[Date "1993.01.??"]
[Round "7"]
[White "Landa, Konstantin"]
[Black "Gavrilov, Alexei"]
[Result "0-1"]
[WhiteElo "2455"]
[BlackElo "2400"]
[EventDate "1993.01.15"]
[PlyCount "142"]

1.e4 e5 2.Nf3 Nc6 3.Bc4 Bc5 4.c3 Nf6 5.d3 d6 6.O-O O-O 7.h3 h6 8.Re1 a6 9.
Bb3 Ba7 10.Nbd2 Nh5 11.Nf1 Qf6 12.Ne3 Nf4 13.Nd5 Nxd5 14.Bxd5 Ne7 15.Bb3 
Be6 16.Be3 Bxe3 17.fxe3 Qg6 18.Kh2 Bxb3 19.Qxb3 Rab8 20.Rf1 Kh7 21.Qc2 Kg8
22.Nh4 Qe6 23.Nf5 Kh7 24.d4 Ng8 25.d5 Qd7 26.c4 g6 27.Ng3 Qe7 28.Rac1 b6 
29.b4 h5 30.c5 bxc5 31.bxc5 Nh6 32.Rf3 Qg5 33.Qc3 Kg7 34.Qa3 Rfd8 35.Kg1 
Rb5 36.cxd6 cxd6 37.Qxa6 Rb2 38.Ne2 Rdb8 39.Rcf1 R8b6 40.Qa7 Rb7 41.Qa6 
Qe7 42.Nc3 Ra7 43.Qd3 Ra3 44.R3f2 Rb4 45.Rc2 Qa7 46.Qe2 Qb6 47.Kh2 h4 48.
Rfc1 f5 49.Qf2 Ra7 50.Qxh4 Qxe3 51.Nd1 Qf4+ 52.Qxf4 exf4 53.exf5 Nxf5 54.
Nf2 Rd4 55.Rd1 Rda4 56.Rdd2 Ne3 57.Rc6 Rxa2 58.Rc7+ Kf6 59.Rxa2 Rxa2 60.
Ng4+ Nxg4+ 61.hxg4 f3 62.Kh3 fxg2 63.Kh2 Rd2 64.Rc8 Ke5 65.Rg8 Kxd5 66.
Rxg6 Ke5 67.Rg8 Kf4 68.g5 d5 69.g6 Kg5 70.Kg1 Kf6 71.Kh2 d4 0-1

[Event "zonal 1.6"]
[Site "Sankt Petersburg RUS"]
[Date "1993.01.??"]
[Round "7"]
[White "Rublevsky, Sergei"]
[Black "Kiselev, Sergei"]
[Result "1/2-1/2"]
[WhiteElo "2515"]
[BlackElo "2510"]
[EventDate "1993.01.15"]
[PlyCount "68"]

1.e4 c5 2.Nf3 Nc6 3.d4 cxd4 4.Nxd4 Nf6 5.Nc3 d6 6.Bc4 Qb6 7.Nb3 e6 8.O-O 
Be7 9.Bg5 O-O 10.Kh1 Rd8 11.Bd3 d5 12.exd5 Nxd5 13.Nxd5 Rxd5 14.Bxe7 Nxe7 
15.Qg4 Bd7 16.Qh3 g6 17.Be4 Rh5 18.Qg3 Bc6 19.Bxc6 Qxc6 20.c3 Rd8 21.Rae1 
Rhd5 22.Nd4 Qb6 23.b3 Qa6 24.Qh4 Nc6 25.Nf3 Rh5 26.Qf4 Rf5 27.Qh6 Rh5 28.
Qf4 Rf5 29.Qh6 Qa5 30.b4 Rh5 31.Qf4 Rf5 32.Qh6 Rh5 33.Qf4 Rf5 34.Qh6 Rh5 
1/2-1/2

[Event "zonal 1.6"]
[Site "Sankt Petersburg RUS"]
[Date "1993.01.??"]
[Round "x"]
[White "Gavrilov, Alexei"]
[Black "Gleizerov, Evgeny"]
[Result "1/2-1/2"]
[WhiteElo "2400"]
[BlackElo "2555"]
[EventDate "1993.01.15"]
[PlyCount "66"]

1.d4 e6 2.c4 f5 3.e3 Nf6 4.Bd3 d5 5.Ne2 c6 6.O-O Bd6 7.f3 O-O 8.Nbc3 Qe7 
9.Qc2 dxc4 10.Bxc4 b5 11.Bb3 b4 12.Na4 Ba6 13.Rf2 Kh8 14.Bd2 Bb5 15.Nc5 
Nd5 16.e4 fxe4 17.Nxe4 Nd7 18.Bg5 N7f6 19.Re1 Bc7 20.N2g3 Qf7 21.Nc5 Rae8 
22.a4 bxa3 23.bxa3 Nd7 24.Nce4 h6 25.Bc1 Qe7 26.Rd1 Bb6 27.a4 Ba6 28.a5 
Bxa5 29.Qa2 Qd8 30.Ba3 Rg8 31.Nd6 Ref8 32.Nge4 Bb6 33.Bc5 Nb8 1/2-1/2

[Event "zonal 1.6"]
[Site "Sankt Petersburg RUS"]
[Date "1993.01.??"]
[Round "x"]
[White "Kiselev, Sergei"]
[Black "Agrest, Evgeny"]
[Result "1/2-1/2"]
[WhiteElo "2510"]
[BlackElo "2460"]
[EventDate "1993.01.15"]
[PlyCount "115"]

1.d4 f5 2.c4 Nf6 3.Nc3 e6 4.e3 b6 5.Bd3 Bb7 6.f3 Nh5 7.Nh3 Qh4+ 8.Nf2 Nc6 
9.g3 Qe7 10.a3 Nf6 11.f4 g6 12.O-O Bg7 13.Be2 Nd8 14.b3 O-O 15.Bb2 Nf7 16.
Bf3 d5 17.Nd3 Ne4 18.c5 Ba6 19.cxb6 axb6 20.Rc1 c5 21.Nb1 Rfc8 22.Be2 Rc7 
23.Nf2 cxd4 24.Rxc7 Qxc7 25.exd4 Bxe2 26.Qxe2 Rc8 27.Nd3 Qa7 28.Rc1 Rxc1+ 
29.Nxc1 b5 30.Qe3 e5 31.fxe5 Nxe5 32.Ne2 Nc6 33.Nbc3 Nxc3 34.Qxc3 Qb6 35.
Bc1 Bf6 36.Qc5 Qxc5 37.dxc5 Kf8 38.b4 Kf7 39.Kf2 Ne7 40.Ke3 Nc6 41.Nf4 d4+
42.Kd3 g5 43.Nd5 Bd8 44.a4 bxa4 45.b5 Ke6 46.Nb6 Na7 47.Kc4 f4 48.gxf4 
gxf4 49.Nd5 f3 50.Nf4+ Kd7 51.Nd3 Kc8 52.Bb2 Bf6 53.Nf2 Bh4 54.Ne4 f2 55.
Nd2 Bg5 56.Nf1 Nxb5 57.Kxb5 d3 58.Bd4 1/2-1/2

[Event "zonal 1.6"]
[Site "Sankt Petersburg RUS"]
[Date "1993.01.??"]
[Round "8"]
[White "Sokolov, Andrei"]
[Black "Pigusov, Evgeny"]
[Result "0-1"]
[WhiteElo "2555"]
[BlackElo "2575"]
[EventDate "1993.01.15"]
[PlyCount "102"]

1.c4 e5 2.Nc3 Nc6 3.d3 g6 4.g3 Bg7 5.Bg2 d6 6.Rb1 Be6 7.Nd5 Qc8 8.b3 h6 9.
Bb2 Nf6 10.Qd2 Nh7 11.f4 Qd7 12.Nf3 O-O 13.O-O Nd4 14.Nxd4 exd4 15.Nb4 c5 
16.Nc2 d5 17.e4 dxe3 18.Nxe3 Bxb2 19.Rxb2 d4 20.Nd5 Bxd5 21.Bxd5 Nf6 22.
Bf3 Rae8 23.Re1 b6 24.Rbb1 Qf5 25.Kg2 h5 26.h3 Kg7 27.Bc6 Re6 28.Rxe6 Qxe6
29.Ba4 Qc8 30.Qf2 Rd8 31.Re1 Rd6 32.Re5 a6 33.Qe2 Re6 34.a3 Ng8 35.Qe4 
Rxe5 36.Qxe5+ Nf6 37.b4 Qb7+ 38.Kf2 Qh1 39.Bd7 Qh2+ 40.Kf3 Qd2 41.g4 Qd1+ 
42.Kg3 Qxd3+ 43.Kh2 hxg4 44.hxg4 Qe4 45.bxc5 bxc5 46.Qxe4 Nxe4 47.Kg2 Nd6 
48.Kf3 Nxc4 49.Ke4 Nxa3 50.Kd5 Nb5 51.Ke4 Nc3+ 0-1

[Event "zonal 1.6"]
[Site "Sankt Petersburg RUS"]
[Date "1993.01.??"]
[Round "x"]
[White "Tregubov, Pavel"]
[Black "Balashov, Yury"]
[Result "1/2-1/2"]
[WhiteElo "2445"]
[BlackElo "2545"]
[EventDate "1993.01.15"]
[PlyCount "86"]

1.d4 Nf6 2.c4 e6 3.Nf3 d5 4.Nc3 Nbd7 5.Bf4 dxc4 6.e3 Nb6 7.Bxc4 Nxc4 8.
Qa4+ c6 9.Qxc4 Be7 10.O-O Nh5 11.Be5 f6 12.Bg3 Nxg3 13.hxg3 O-O 14.e4 Bd7 
15.Rfd1 Rc8 16.Qb3 Qb6 17.Nd2 Qxb3 18.axb3 a6 19.Nc4 Rcd8 20.d5 exd5 21.
exd5 Bb4 22.Na5 Bxa5 23.Rxa5 Rfe8 24.Rd4 Bc8 25.Rc5 cxd5 26.Rdxd5 Rxd5 27.
Nxd5 Be6 28.b4 Bxd5 29.Rxd5 Re1+ 30.Kh2 Kf7 31.b5 Ke7 32.bxa6 bxa6 33.Ra5 
Re6 34.g4 Kd7 35.Kg3 Rb6 36.Rd5+ Kc6 37.Rd2 Rb7 38.Kf4 Kc5 39.g5 fxg5+ 40.
Kxg5 Kc4 41.f4 a5 42.f5 a4 43.g4 Kb3 1/2-1/2

[Event "zonal 1.6"]
[Site "Sankt Petersburg RUS"]
[Date "1993.01.??"]
[Round "x"]
[White "Ulybin, Mikhail"]
[Black "Sakaev, Konstantin"]
[Result "1/2-1/2"]
[WhiteElo "2565"]
[BlackElo "2555"]
[EventDate "1993.01.15"]
[PlyCount "23"]

1.d4 d5 2.c4 c6 3.Nf3 Nf6 4.Nc3 dxc4 5.a4 Bf5 6.e3 e6 7.Bxc4 Bb4 8.O-O 
Nbd7 9.Nh4 O-O 10.Nxf5 exf5 11.Qc2 g6 12.f3 1/2-1/2

[Event "zonal 1.6"]
[Site "Sankt Petersburg RUS"]
[Date "1993.01.??"]
[Round "."]
[White "Aseev, Konstantin"]
[Black "Budnikov, Alexander"]
[Result "1/2-1/2"]
[WhiteElo "2515"]
[BlackElo "2520"]
[EventDate "1993.01.15"]
[PlyCount "113"]

1.d4 Nf6 2.c4 e6 3.Nf3 b6 4.Nc3 Bb4 5.Bg5 Bb7 6.e3 h6 7.Bh4 c5 8.Bd3 cxd4 
9.exd4 Bxf3 10.Qxf3 Nc6 11.Qe3 d5 12.O-O dxc4 13.Bxc4 O-O 14.Rad1 Na5 15.
Ba6 Nd5 16.Qe4 Qd7 17.Nxd5 exd5 18.Qd3 Bd6 19.Bg3 Bxg3 20.hxg3 Qa4 21.Rc1 
Rad8 22.Rfd1 Qb4 23.a3 Qd6 24.Rc3 Rfe8 25.b4 Nc4 26.Bxc4 dxc4 27.Qxc4 Re4 
28.Qc7 Rxd4 29.Qxd6 R4xd6 30.Rxd6 Rxd6 31.Rc8+ Kh7 32.Rc7 a5 33.bxa5 bxa5 
34.Rxf7 Rd1+ 35.Kh2 Ra1 36.Rf3 Ra2 37.g4 a4 38.Kg3 Rb2 39.Re3 g5 40.Kf3 
Rb3 41.g3 Kg6 42.Ke4 Rb2 43.f3 h5 44.gxh5+ Kxh5 45.Rc3 Ra2 46.Rd3 Ra1 47.
Kf5 Rb1 48.Ke5 Re1+ 49.Kd5 Rg1 50.f4 Kg6 51.Kc5 Rb1 52.Rd6+ Kg7 53.f5 Rb3 
54.Rg6+ Kf7 55.Rxg5 Kf6 56.Rh5 Rxa3 57.Kd4 1/2-1/2

[Event "zonal 1.6"]
[Site "Sankt Petersburg RUS"]
[Date "1993.01.??"]
[Round "."]
[White "Landa, Konstantin"]
[Black "Gleizerov, Evgeny"]
[Result "1/2-1/2"]
[WhiteElo "2455"]
[BlackElo "2555"]
[EventDate "1993.01.15"]
[PlyCount "22"]

1.e4 e6 2.d4 d5 3.exd5 exd5 4.Nf3 Nf6 5.Bd3 Bd6 6.h3 h6 7.O-O O-O 8.Re1 
Re8 9.Rxe8+ Qxe8 10.Be3 Nc6 11.c3 Ne4 1/2-1/2

[Event "zonal 1.6"]
[Site "Sankt Petersburg RUS"]
[Date "1993.01.??"]
[Round "."]
[White "Sakaev, Konstantin"]
[Black "Ibragimov, Ildar"]
[Result "1/2-1/2"]
[WhiteElo "2555"]
[BlackElo "2540"]
[EventDate "1993.01.15"]
[PlyCount "76"]

1.d4 Nf6 2.c4 g6 3.Nc3 Bg7 4.e4 d6 5.f3 O-O 6.Be3 Nbd7 7.Qd2 c5 8.Nge2 a6 
9.Rd1 b6 10.Nc1 Qc7 11.d5 b5 12.cxb5 Nb6 13.Be2 axb5 14.Nxb5 Qb8 15.b3 Ba6
16.Nc3 Rc8 17.O-O Ne8 18.Bxa6 Rxa6 19.N1e2 Nd7 20.Rb1 Qb7 21.Rfc1 Rca8 22.
Rc2 Nc7 23.h3 Nb5 24.Nxb5 Qxb5 25.b4 Ra3 26.Rb3 c4 27.Rb1 Rd3 28.Qc1 Raa3 
29.Bf2 Nb6 30.Kh1 h5 31.Bxb6 Qxb6 32.Rxc4 Rxa2 33.Rc2 Rxc2 34.Qxc2 Qe3 35.
Ng3 Rd2 36.Nf1 Rxc2 37.Nxe3 Rc3 38.Nd1 Rc2 1/2-1/2

[Event "zonal 1.6"]
[Site "Sankt Petersburg RUS"]
[Date "1993.01.??"]
[Round "."]
[White "Scherbakov, Ruslan"]
[Black "Sokolov, Andrei"]
[Result "1/2-1/2"]
[WhiteElo "2570"]
[BlackElo "2555"]
[EventDate "1993.01.15"]
[PlyCount "51"]

1.Nf3 Nf6 2.c4 c5 3.g3 Nc6 4.Bg2 d5 5.cxd5 Nxd5 6.Nc3 Nc7 7.Qa4 Bd7 8.Qe4 
g6 9.Ne5 Bg7 10.Nxd7 Qxd7 11.O-O Rc8 12.d3 O-O 13.Rb1 Ne6 14.Rd1 b6 15.Bd2
Rfd8 16.Nd5 Ned4 17.e3 e6 18.Nc3 Nf5 19.Be1 Nb4 20.Bf1 Nc2 21.Bd2 Nb4 22.
Be1 Nc2 23.Bd2 Nb4 24.Bc1 Nd6 25.Qf3 Nb5 26.Nxb5 1/2-1/2

[Event "zonal 1.6"]
[Site "Sankt Petersburg RUS"]
[Date "1993.01.??"]
[Round "."]
[White "Yakovich, Yury"]
[Black "Budnikov, Alexander"]
[Result "1-0"]
[WhiteElo "2510"]
[BlackElo "2520"]
[EventDate "1993.01.15"]
[PlyCount "133"]

1.e4 e6 2.d4 d5 3.Nd2 c5 4.Ngf3 Nf6 5.exd5 Nxd5 6.Nb3 cxd4 7.Nbxd4 Be7 8.
c3 O-O 9.Bd3 Nd7 10.O-O Re8 11.Re1 Bf6 12.Bc2 a6 13.Qd3 g6 14.Bh6 Qc7 15.
Rad1 N7b6 16.Bb3 Bd7 17.Ng5 Qf4 18.Nxf7 Qh4 19.Bg5 Bxg5 20.Nf3 Nf4 21.Qf1 
Qg4 22.N3xg5 Kg7 23.f3 Qf5 24.Qf2 Nbd5 25.Qd4+ Qf6 26.c4 e5 27.Qf2 h6 28.
Ne4 Qxf7 29.Nd6 Qf6 30.Nxe8+ Rxe8 31.cxd5 Bh3 32.g3 Qg5 33.d6 Bd7 34.Kh1 
Nh3 35.Qe3 Qxe3 36.Rxe3 Nf2+ 37.Kg2 Nxd1 38.Bxd1 Bc6 39.Bc2 Re6 40.Kf2 
Rxd6 41.Rxe5 Bd5 42.b3 Kf6 43.Re2 Be6 44.Be4 Rb6 45.Rd2 a5 46.Rd4 g5 47.
Ke3 Rb5 48.Bd3 Re5+ 49.Re4 Rc5 50.Bc4 Bd7 51.Rd4 Re5+ 52.Kd2 Bc6 53.f4 
gxf4 54.Rxf4+ Kg7 55.Rg4+ Kf6 56.Rf4+ Kg7 57.Rg4+ Kf6 58.Bd3 Kf7 59.Kc3 
Re1 60.Rh4 Kg7 61.Rg4+ Kf7 62.a4 Re5 63.Bc4+ Kf6 64.Kd4 Rh5 65.Rf4+ Ke7 
66.h4 Kd6 67.Bf7 1-0